Estadística aplicada al comercio y la economía. Instrucción programada

Salvato in:
Dettagli Bibliografici
Autore principale: Elzey, Freeman F (Autore)
Natura: Libro
Lingua:spagnolo
Pubblicazione: Buenos Aires CRAT 1973
Buenos Aires Marymar 1973
Serie:Biblioteca de Economía
Soggetti:
Tags: Aggiungi Tag
Nessun Tag, puoi essere il primo ad aggiungerne!!

MARC

LEADER 00000nam a2200000 a 4500
001 UCT3193
003 CL-VaPUC
008 961018e19730000ag |||||||||||||||||spa|d
082 0 4 |a 330.015195  |b ELZ  |2 21 
100 |a Elzey, Freeman F  |e author  |9 335655 
245 1 0 |a Estadística aplicada al comercio y la economía. Instrucción programada 
300 |a 488 p 
942 |c BK 
945 |d 19961018 00:00:00  |a paguirre 
260 |a Buenos Aires  |b CRAT  |c 1973 
260 |a Buenos Aires  |b Marymar  |c 1973 
650 0 |a Análisis estadístico  |9 269506 
650 0 |a Muestreo  |9 270457 
650 0 |a Varianza  |9 358282 
650 0 |a Teoría de probabilidades   |9 336944 
650 7 |a DISTRIBUCIONES ESTADISTICAS  |2 CL-VaPUC  |9 339648 
583 |a last modification  |c 20171006 04:28:05  |k Rodrigo Vera 
490 0 |a Biblioteca de Economía 
999 |c 252942  |d 252940 
952 |0 0  |1 0  |4 0  |6 330_015195000000000_ELZ_1973_1973  |7 0  |8 A  |9 273127  |a BIBCUR  |b BIBCUR  |d 2019-11-19  |i 1769316  |o 330.015195 ELZ 1973 1973  |p 1769316  |r 2025-04-22  |w 2019-11-19  |y BK  |k BCB